Statistics for Aristotle's Classification of Sciences (Corpus Aristotelicum)

Click here to take the quiz!

General Stats

  • This quiz has been taken 15 times
  • The average score is 4 of 7

Answer Stats

Science % Correct
RhetoricsThe art of persuasion
67%
EthicsHow humans should best behave
67%
PoliticsPolitical philosophy
58%
PhysicsNature
50%
MetaphysicsBeing; things that go beyond nature
42%
LogicUnderstanding (of terms and such)
42%
PoeticsDramatic theory
25%

Score Distribution

Percentile by Number Answered

Percent of People with Each Score

Your Score History

You have not taken this quiz